144 câu hỏi về thi trường chứng khoán Việt Nam

שמור ב:
מידע ביבליוגרפי
מחבר ראשי: VŨ NGỌC NHUNG
פורמט: ספר
שפה:Undetermined
יצא לאור: H. Thống Kê 2002
נושאים:
תגים: הוספת תג
אין תגיות, היה/י הראשונ/ה לתייג את הרשומה!
Thư viện lưu trữ: Trung tâm Học liệu Trường Đại học Cần Thơ
LEADER 00510nam a2200169Ia 4500
001 CTU_50011
008 210402s9999 xx 000 0 und d
082 |a 332.642 
082 |b Nh513 
100 |a VŨ NGỌC NHUNG 
245 0 |a 144 câu hỏi về thi trường chứng khoán Việt Nam 
245 0 |c VŨ NGỌC NHUNG, Hồ Ngọc Cẩn 
260 |a H. 
260 |b Thống Kê 
260 |c 2002 
650 |a stock exchange 
980 |a Trung tâm Học liệu Trường Đại học Cần Thơ